| 000 | 01635nam a22003137a 4500 | ||
|---|---|---|---|
| 001 | 8885 | ||
| 003 | FISKH | ||
| 005 | 20251028161753.0 | ||
| 008 | 251028b cb ||||| |||| 00| 0 eng d | ||
| 020 | _a9789996301087 | ||
| 040 |
_aFISKH _bkhr _cFISKH _dFISKH |
||
| 050 | _aPZ7 | ||
| 082 | _a895 | ||
| 100 | _aTongleang, Noeun | ||
| 245 |
_aអាខ្មៅអស់លក្ខណ៏ : _bUnlucky black dog / _cនិពន្ធដោយលោក នឿន តុងហេង , កែសម្រួលដោយ អ្នកស្រី គឹមស៊ុន សុធារី និង លោក វ៉ាន់ សុភ័ក្រ្ត |
||
| 260 |
_aភ្នំពេញ : _bReading Books , _c2010. |
||
| 300 |
_a20 pages : _bcolor illustrations ; _c25 cm . |
||
| 490 | _aពិភពរឿងនិទាន | ||
| 505 | _aK | ||
| 520 | _aរឿងនេះចង់អប់រំអោយកុមារចេះជួយមិត្តភក្តិពេលមានទុក្ខ ។ សូមកុំមើលស្រាលមិត្តដែលមានកម្លាំងខ្សោយជាងខ្លួន ។ | ||
| 520 | _aThis story aims at educating the childdren to help their friends while they are in need and not to look down on their weaker friends . | ||
| 521 | 8 |
_a520
_bLexile estimate |
|
| 521 | 8 |
_aK
_bRaz-Plus |
|
| 650 |
_aអាខ្មៅអស់លក្ខណ៏ _vរឿងនិទានកុមារ |
||
| 650 |
_aUnlucky black dog _vChildren's Stories |
||
| 700 |
_aBunthorn, Theak _eIllustrator |
||
| 942 |
_2ddc _cKHB _n0 |
||
| 999 |
_c8885 _d8885 |
||